000 00370nam a22001457a 4500
003 OSt
008 210814b ||||| |||| 00| 0 eng d
082 _a294.5921
_bMAG
100 G _aMACDONELL, A.A.
245 _aThe Golden Book of the Holy Vedas
260 _aDelhi
_bVijay Goel English Hindi Publisher
_c2016
300 _a237
650 _aReligious
942 _2ddc
_cBK
999 _c10911
_d10911